000 00511ntaaa2200193 4500
003 01
005 20251027202149.0
008 0714s1973 ag 01
040 _aAR-BaBN
_bspa
_cAR-BaBN
_eaacr
_dRIC
082 _a265.0000 D66
100 _aDodd, M.E.
_91480
245 _aChrist's memorial supper
250 _a1 ed.
260 _aNashville :
_bBroadman Press,
_cc1953
300 _a67 p
500 _aThirteen brief meditations for the Lord's Supper service
650 _acena del SeƱor
_9286
942 _cBK
999 _c16591
_d16591